000 00752nam a22001695i 4500
001 173814
003 ES-MaACL
005 20230906215343.0
008 100122s1841 sp |||| | spa d
080 _a821.134.2-22"18"
100 1 _aGrimaldi, Juan de.
_9142008
245 1 0 _aTodo lo vence el amor, ó la pata de cabra
_b: melo-mimo-drama mitológico-burlesco de magia y de grande espectáculo en tres actos /
_cpor Juan de Grimaldi.
250 _a3ª ed.
260 _aMadrid :
_b[Manuel Delgado],
_c1841 (
_fImp. de Repullés)
300 _a60 p. ;
_c17 cm.
852 _aES-MaACL
_jF-8616(9)
_z.- Enc. pasta española
_q.- Falto de la cub. original
_z.- Enc. en un vol. facticio formando parte de la col. facticia "Teatro español moderno", vol. 71
999 _c173814
_d173814